Rural development - a time for change? (Record no. 117208)
[ view plain ]
| 000 -LEADER | |
|---|---|
| fixed length control field | 01609cam a2200277 4500 |
| 001 - CONTROL NUMBER | |
| control field | ABS67757 |
| 008 - FIXED-LENGTH DATA ELEMENTS--GENERAL INFORMATION | |
| fixed length control field | 040419n2004 000 0 eng u |
| 035 ## - SYSTEM CONTROL NUMBER | |
| System control number | (Sirsi) u125857 |
| 100 ## - MAIN ENTRY--PERSONAL NAME | |
| Personal name | MacLean, E |
| 245 ## - TITLE STATEMENT | |
| Title | Rural development - a time for change? |
| 260 ## - PUBLICATION, DISTRIBUTION, ETC. | |
| Date of publication, distribution, etc. | 2004 |
| 490 ## - SERIES STATEMENT | |
| Series statement | Scottish Planning and Environmental Law |
| Volume/sequential designation | (102) April 2004, 32-34(3) |
| 520 ## - SUMMARY, ETC. | |
| Summary, etc. | Examines a new draft policy SPP15 on rural development that has been published and is now open to consultation. The potential changes could have a profound effect on certain areas of the Scottish rural environment, with changes being made at a strategic and local level to rural planning policy. Discusses how the key findings of an evaluation of NPPG15 have influenced the proposed changes to national policy and what are the future planning proposals for rural Scotland. The full report on NPPG15 is available on the Scottish Executive website, www.scotland.gov.uk/planning. |
| 590 ## - LOCAL NOTE (RLIN) | |
| Local note | ABS |
| 590 ## - LOCAL NOTE (RLIN) | |
| Local note | ABS |
| 650 ## - SUBJECT ADDED ENTRY--TOPICAL TERM | |
| Topical term or geographic name entry element | SCOTLAND |
| 650 ## - SUBJECT ADDED ENTRY--TOPICAL TERM | |
| Topical term or geographic name entry element | RURAL ENVIRONMENT |
| 650 ## - SUBJECT ADDED ENTRY--TOPICAL TERM | |
| Topical term or geographic name entry element | PLANNING POLICY GUIDANCE NOTES |
| 650 ## - SUBJECT ADDED ENTRY--TOPICAL TERM | |
| Topical term or geographic name entry element | LOCAL PLANNING |
| 650 ## - SUBJECT ADDED ENTRY--TOPICAL TERM | |
| Topical term or geographic name entry element | SPP15 |
| 650 ## - SUBJECT ADDED ENTRY--TOPICAL TERM | |
| Topical term or geographic name entry element | NPPG15 |
| 690 ## - LOCAL SUBJECT ADDED ENTRY--TOPICAL TERM (OCLC, RLIN) | |
| Topical term or geographic name as entry element | PLANNING-PLANNING LAW |
| 856 ## - ELECTRONIC LOCATION AND ACCESS | |
| Uniform Resource Identifier | <a href="https://www.scotland.gov.uk/library5/planning/nppg803-00.asp">https://www.scotland.gov.uk/library5/planning/nppg803-00.asp</a> |
| Public note | View "Research study on the effectiveness of NPPG8 town centres and retailing" on the Scottish Executive website... |
| 856 ## - ELECTRONIC LOCATION AND ACCESS | |
| Uniform Resource Identifier | <a href="https://www.scotland.gov.uk/library5/planning/nppg803-00.asp">https://www.scotland.gov.uk/library5/planning/nppg803-00.asp</a> |
| Public note | View "Research study on the effectiveness of NPPG8 town centres and retailing" on the Scottish Executive website... |
| 942 ## - ADDED ENTRY ELEMENTS (KOHA) | |
| Suppress in OPAC | 0 |
| Withdrawn status | Lost status | Source of classification or shelving scheme | Damaged status | Not for loan | Home library | Current library | Shelving location | Date acquired | Total Checkouts | Full call number | Barcode | Date last seen | Copy number | Price effective from | Koha item type |
|---|---|---|---|---|---|---|---|---|---|---|---|---|---|---|---|
| Dewey Decimal Classification | London | London | Journal article | 19/04/2004 | ABS67757 | 125857-1001 | 06/08/2019 | 1 | 06/08/2019 | Journal article |